00578nam a2200193Ia 4500008004100000020001500041050000800056050001500064100002900079245005300108245005300161260002000214260002300234260000900257300002400266300001100290650004000301650004300341160319s9999 xx 000 0 und d a9710846078 a375 bA561c 2010 aAndres, Tomas Quintin D. aCurriculum Development in the Philippine Setting cTomas Quintin D. Andres, Felizardo Y. Francisco. aMetro Manila :  bNational Bookstore c2010 axviii, 230 pages ;  c23 cm. aCurriculum planning -- Philippines. aEducation -- Philippines -- Curricula.